| 000 | 00966nac a2200301 i 4500 | ||
|---|---|---|---|
| 003 | EG-ScBUE | ||
| 005 | 20250525082604.0 | ||
| 008 | 250426t1971 nyua f b 001 0 eng d | ||
| 020 | _a9780393099362 | ||
| 020 | _a0393099369 | ||
| 040 |
_aEG-ScBUE _beng _erda _cEG-ScBUE _dEG-ScBUE |
||
| 082 | 0 | 4 |
_a531.32 _bFRE _222 |
| 100 | 1 |
_aFrench, A. P., _eauthor. |
|
| 245 | 1 | 0 |
_aVibrations and waves / _cA. P. French. |
| 264 | 1 |
_aNew York, N.Y. : _bW. W. Norton & Company, _c[1971] |
|
| 264 | 4 | _cc1971 | |
| 300 |
_axi, 316 pages : _billustrations ; _c25 cm. |
||
| 336 |
_2rdacontent _atext _btxt |
||
| 337 |
_aunmediated _2rdamedia _bn |
||
| 338 |
_avolume _bnc _2rdacarrier |
||
| 490 | 0 | _aThe M.I.T introductory physics series | |
| 500 | _aOriginally published, Massachusetts: M.I.T. Press, 1971 | ||
| 504 | _aIncludes bibliographical references and index. | ||
| 650 | 7 |
_aVibration. _2BUEsh |
|
| 650 | 7 |
_aWaves. _2BUEsh |
|
| 655 | _vReading book | ||
| 942 |
_cNB _2ddc |
||
| 999 |
_c5071 _d5071 |
||